[Event "35 Andorra Open"]
[Site "Escaldes"]
[Date "2017.07.22"]
[Round "1.1"]
[White "Edouard, Romain"]
[Black "Zambrana Petisme, Ramiro"]
[Result "1-0"]
[WhiteElo "2622"]
[BlackElo "2059"]
[PlyCount "63"]
[EventDate "2017.07.22"]
[EventType "swiss"]
[EventRounds "9"]
[EventCountry "AND"]

1. d4 Nf6 2. c4 g6 3. g3 Bg7 4. Bg2 O-O 5. Nc3 d6 6. Nf3 Nbd7 7. O-O Re8 8. e4
e5 9. h3 exd4 10. Nxd4 a6 11. Bf4 Nc5 12. Re1 Ne6 13. Be3 Nxd4 14. Bxd4 Be6 15.
Qd3 Qc8 16. Kh2 Nd7 17. Bxg7 Kxg7 18. f4 f6 19. b3 a5 20. Nb5 Bf7 21. Qc3 Ra6
22. Rad1 a4 23. b4 Re7 24. a3 Qb8 25. c5 dxc5 26. bxc5 Kg8 27. Rd4 Rc6 28. Qd2
Rxc5 29. Rxd7 Rxd7 30. Qxd7 Be8 31. Qe7 Rxb5 32. Rd1 1-0

[Event "35 Andorra Open"]
[Site "Escaldes"]
[Date "2017.07.22"]
[Round "1.2"]
[White "Tahay, Romain"]
[Black "Landa, Konstantin"]
[Result "0-1"]
[WhiteElo "2052"]
[BlackElo "2617"]
[PlyCount "96"]
[EventDate "2017.07.22"]
[EventType "swiss"]
[EventRounds "9"]
[EventCountry "AND"]

1. d4 d5 2. c4 e6 3. Nc3 a6 4. cxd5 exd5 5. Bf4 c6 6. e3 Bd6 7. Nge2 Ne7 8.
Bxd6 Qxd6 9. Nf4 O-O 10. Bd3 Bf5 11. O-O Nd7 12. Qc2 Bxd3 13. Nxd3 Qg6 14. Rfd1
Nf5 15. Nf4 Qg5 16. Qb3 Rab8 17. Rac1 Rfe8 18. Na4 Nh4 19. g3 Nf8 20. Nc5 Nfg6
21. Nxg6 hxg6 22. Qd3 Nf3+ 23. Kg2 Qh5 24. h4 Qg4 25. Rh1 g5 26. hxg5 Nxg5 27.
Rh4 Qf3+ 28. Kg1 f6 29. Nb3 Ne4 30. Rf1 g5 31. Nd2 Qf5 32. g4 Qe6 33. Rh3 Qxg4+
34. Rg3 Qh5 35. Nxe4 dxe4 36. Qc2 Kg7 37. f4 exf3 38. Rfxf3 Qg6 39. Qb3 Re7 40.
Kf2 Rh8 41. Rg2 Rh1 42. Qb4 Qc2+ 43. Kg3 Qe4 44. Kf2 Rf1+ 45. Kxf1 Qxf3+ 46.
Rf2 Qxe3 47. Qd6 Qe1+ 48. Kg2 Qe6 0-1

[Event "35 Andorra Open"]
[Site "Escaldes"]
[Date "2017.07.22"]
[Round "1.3"]
[White "Gozzoli, Yannick"]
[Black "Blum, Gernot"]
[Result "1-0"]
[WhiteElo "2594"]
[BlackElo "2040"]
[PlyCount "49"]
[EventDate "2017.07.22"]
[EventType "swiss"]
[EventRounds "9"]
[EventCountry "AND"]

1. d4 d6 2. Nf3 Nf6 3. c4 Nbd7 4. Nc3 c6 5. Bg5 Qc7 6. e3 e5 7. Qc2 Be7 8. Bd3
a6 9. O-O h6 10. Bh4 Nf8 11. Bg3 exd4 12. exd4 Nh5 13. Rfe1 Nxg3 14. hxg3 Bg4
15. d5 Bxf3 16. gxf3 c5 17. Qa4+ Qd7 18. Re3 Qxa4 19. Nxa4 Rc8 20. Nb6 Rc7 21.
Rae1 Kd8 22. Na8 Rd7 23. Nb6 Bf6 24. Re8+ Kc7 25. Na8# 1-0

[Event "35 Andorra Open"]
[Site "Escaldes"]
[Date "2017.07.22"]
[Round "1.4"]
[White "Varela Fernandez, Andres"]
[Black "Degraeve, Jean-Marc"]
[Result "1/2-1/2"]
[WhiteElo "2035"]
[BlackElo "2585"]
[PlyCount "87"]
[EventDate "2017.07.22"]
[EventType "swiss"]
[EventRounds "9"]
[EventCountry "AND"]

1. e4 Nf6 2. e5 Nd5 3. d4 d6 4. c4 Nb6 5. exd6 exd6 6. Nc3 Be7 7. b3 O-O 8. Bd3
Nc6 9. Nge2 Bg4 10. Be3 Bf6 11. f3 Bh4+ 12. Bf2 Bxf2+ 13. Kxf2 Bh5 14. Re1 Re8
15. Qd2 Qh4+ 16. Kg1 Bg6 17. Bxg6 hxg6 18. Nb5 Qd8 19. Ng3 Rxe1+ 20. Rxe1 a6
21. Nc3 d5 22. c5 Nd7 23. Nxd5 Nf8 24. Ne3 Nxd4 25. Rd1 Nfe6 26. Nc2 Nxc2 27.
Qxc2 Qe8 28. c6 bxc6 29. Qc4 c5 30. Ne4 Qb5 31. Rc1 Qa5 32. Nxc5 Nxc5 33. Qxc5
Qxa2 34. b4 Qb3 35. Ra1 Re8 36. h3 Qb2 37. Rxa6 Re1+ 38. Kh2 Rc1 39. Qe7 Rc4
40. Ra8+ Kh7 41. Rf8 f6 42. Qe8 Qe5+ 43. Qxe5 fxe5 44. Rc8 1/2-1/2

[Event "35 Andorra Open"]
[Site "Escaldes"]
[Date "2017.07.22"]
[Round "1.5"]
[White "Dvirnyy, Danyyil"]
[Black "Planas Gene, Juan"]
[Result "1-0"]
[WhiteElo "2558"]
[BlackElo "2023"]
[PlyCount "77"]
[EventDate "2017.07.22"]
[EventType "swiss"]
[EventRounds "9"]
[EventCountry "AND"]

1. d4 d5 2. c4 e6 3. Nc3 Nf6 4. Bg5 Be7 5. e3 O-O 6. Qc2 c6 7. Bd3 Nbd7 8. Nf3
dxc4 9. Bxc4 Nd5 10. Bxe7 Qxe7 11. O-O Nxc3 12. bxc3 e5 13. e4 b5 14. Bb3 c5
15. Bd5 Rb8 16. a4 b4 17. cxb4 Rxb4 18. dxe5 Nxe5 19. Nxe5 Qxe5 20. Rfc1 c4 21.
Rab1 Rxb1 22. Qxb1 Be6 23. Bxc4 Rb8 24. Qd3 Qc5 25. Qf1 Qd4 26. Bxe6 fxe6 27.
Rc4 Qd2 28. g3 Qa2 29. Qd3 Rf8 30. Qc2 Qa1+ 31. Kg2 Qf6 32. Qe2 Rb8 33. Qe3 Rf8
34. Rc7 a5 35. Rc5 Qd8 36. Qc3 Qe8 37. Rxa5 Qf7 38. Qe3 Rc8 39. Rc5 1-0

[Event "35 Andorra Open"]
[Site "Escaldes"]
[Date "2017.07.22"]
[Round "1.6"]
[White "Soham, Das"]
[Black "Baron, Tal"]
[Result "0-1"]
[WhiteElo "2020"]
[BlackElo "2547"]
[PlyCount "80"]
[EventDate "2017.07.22"]
[EventType "swiss"]
[EventRounds "9"]
[EventCountry "AND"]

1. e4 e6 2. d4 d5 3. Nc3 Bb4 4. e5 c5 5. a3 Bxc3+ 6. bxc3 Qa5 7. Bd2 Qa4 8. Qg4
Kf8 9. Nf3 Ne7 10. Ra2 b6 11. Bd3 Ba6 12. O-O Nd7 13. Rb1 Rc8 14. h4 Nc6 15.
Bxa6 Qxa6 16. Qf4 h6 17. Be3 Qc4 18. Rb3 Na5 19. Nd2 Qe2 20. Rb1 Nc4 21. Nxc4
Qxc4 22. Rb3 Qe2 23. a4 Qd1+ 24. Kh2 c4 25. Rb5 a6 26. Rb4 g5 27. Qg3 Qh5 28.
Kh3 Rg8 29. Qg4 Qxg4+ 30. Kxg4 gxh4+ 31. Kh3 Rg6 32. Ra1 Ke7 33. Rg1 Rcg8 34.
Rbb1 Kd8 35. Bc1 Kc7 36. Ba3 f6 37. exf6 Nxf6 38. Be7 Ne4 39. Bxh4 Nxc3 40.
Rbe1 Nxa4 0-1

[Event "35 Andorra Open"]
[Site "Escaldes"]
[Date "2017.07.22"]
[Round "1.7"]
[White "Steinberg, Nitzan"]
[Black "Correas Gonzalez, Jose Ramon"]
[Result "0-1"]
[WhiteElo "2543"]
[BlackElo "2018"]
[PlyCount "52"]
[EventDate "2017.07.22"]
[EventType "swiss"]
[EventRounds "9"]
[EventCountry "AND"]

1. e4 c5 2. Nf3 d6 3. d4 cxd4 4. Nxd4 Nf6 5. Nc3 a6 6. h4 e5 7. Nb3 Be6 8. f4
exf4 9. Bxf4 Nc6 10. Qd2 d5 11. O-O-O Bb4 12. Bg5 Qc7 13. Bxf6 gxf6 14. exd5
O-O-O 15. Bxa6 Rxd5 16. Qxd5 Bxd5 17. Nxd5 Qg3 18. Bb5 Bd6 19. Nd2 Rd8 20. Nc4
Kb8 21. Rhf1 Ne5 22. h5 Qh4 23. Nce3 Bc5 24. Nf5 Qg5+ 25. Kb1 Qxg2 26. c4 Nd3
0-1

[Event "35 Andorra Open"]
[Site "Escaldes"]
[Date "2017.07.22"]
[Round "1.8"]
[White "Bayerri Rosa, Xavier"]
[Black "Santos Latasa, Jaime"]
[Result "0-1"]
[WhiteElo "1996"]
[BlackElo "2542"]
[PlyCount "111"]
[EventDate "2017.07.22"]
[EventType "swiss"]
[EventRounds "9"]
[EventCountry "AND"]

1. d4 Nf6 2. c4 e6 3. Nf3 d5 4. e3 b6 5. cxd5 exd5 6. Nc3 Bd6 7. Be2 O-O 8. O-O
Bb7 9. Nb5 Be7 10. Ne5 a6 11. Nc3 Bd6 12. f4 Nbd7 13. Bf3 Ne4 14. Bxe4 dxe4 15.
Nxd7 Qxd7 16. b3 a5 17. Re1 Rfe8 18. Bd2 Ba6 19. Ne2 Ba3 20. Bc1 Be7 21. Bb2
Bd3 22. a3 Bh4 23. g3 Bf6 24. Nc1 Ba6 25. b4 Bb5 26. a4 Bc4 27. b5 c6 28. bxc6
Qxc6 29. Ne2 Red8 30. g4 Rac8 31. Ng3 Qd5 32. g5 Be7 33. Ba3 Bxa3 34. Rxa3 Bd3
35. Qg4 Rc2 36. f5 Kh8 37. Raa1 Qd6 38. Rec1 Rdc8 39. Rxc2 Rxc2 40. Qh4 Kg8 41.
f6 Qc7 42. Re1 Qc3 43. Nf5 g6 44. Ne7+ Kf8 45. Nd5 Qc8 46. h3 Rc1 47. Nf4 Qc3
48. Ng2 Ke8 49. Qg3 Kd7 50. Qg4+ Kc7 51. Rxc1 Qxc1+ 52. Kh2 b5 53. axb5 a4 54.
b6+ Kxb6 55. Qd7 Qc7+ 56. Kh1 0-1

[Event "35 Andorra Open"]
[Site "Escaldes"]
[Date "2017.07.22"]
[Round "1.9"]
[White "Forcen Esteban, Daniel"]
[Black "Revaliente Montoya, Ciro"]
[Result "1-0"]
[WhiteElo "2536"]
[BlackElo "1992"]
[PlyCount "107"]
[EventDate "2017.07.22"]
[EventType "swiss"]
[EventRounds "9"]
[EventCountry "AND"]

1. e4 c5 2. Nf3 Nf6 3. e5 Nd5 4. Nc3 e6 5. Nxd5 exd5 6. d4 Nc6 7. dxc5 Bxc5 8.
Qxd5 Qb6 9. Bc4 Bxf2+ 10. Kd1 O-O 11. Ng5 Qd4+ 12. Qxd4 Bxd4 13. Rf1 Nxe5 14.
Bd5 h6 15. Ne4 d6 16. c3 Bb6 17. Bf4 Be6 18. Bxb7 Rab8 19. Ba6 Bc4 20. Bxc4
Nxc4 21. b3 Ne3+ 22. Bxe3 Bxe3 23. Ke2 d5 24. Kxe3 Rbe8 25. Rf4 g5 26. Rf5
Rxe4+ 27. Kd3 Rfe8 28. Rd1 Re2 29. Rd2 R2e3+ 30. Kd4 R3e4+ 31. Kxd5 Rd8+ 32.
Kxe4 Rxd2 33. c4 Rxa2 34. c5 Kf8 35. Kd5 Ke7 36. Re5+ Kd7 37. c6+ Kd8 38. Kd6
Rd2+ 39. Rd5 Rxg2 40. Ra5 Rd2+ 41. Kc5 Rxh2 42. Rxa7 Rb2 43. b4 g4 44. Rxf7 g3
45. Rg7 g2 46. b5 Re2 47. b6 Re7 48. Rg8+ Re8 49. Rxg2 Kc8 50. Ra2 Kb8 51. c7+
Kb7 52. Ra7+ Kc8 53. Kd6 h5 54. b7# 1-0

[Event "35 Andorra Open"]
[Site "Escaldes"]
[Date "2017.07.22"]
[Round "1.10"]
[White "Van Den Boogaart, Jan Maarten"]
[Black "Kogan, Arthur"]
[Result "0-1"]
[WhiteElo "1991"]
[BlackElo "2529"]
[PlyCount "80"]
[EventDate "2017.07.22"]
[EventType "swiss"]
[EventRounds "9"]
[EventCountry "AND"]

1. d4 Nf6 2. c4 c5 3. d5 e6 4. Nc3 exd5 5. cxd5 d6 6. e4 g6 7. Nf3 Bg7 8. Bd3
a6 9. a4 Bg4 10. O-O O-O 11. h3 Bxf3 12. Qxf3 Nbd7 13. Re1 Ne5 14. Qd1 Nxd3 15.
Qxd3 Nd7 16. Be3 Ne5 17. Qc2 Qa5 18. Ne2 c4 19. Reb1 Rac8 20. Bd4 Rfe8 21. Kf1
Bh6 22. Rd1 Nd3 23. Nc3 Nc5 24. Ra3 Qd8 25. f3 Nb3 26. Bf2 Qg5 27. Kg1 Bg7 28.
Ne2 f5 29. Nd4 Bxd4 30. Bxd4 fxe4 31. fxe4 Qf4 32. Bc3 Qxe4 33. Qxe4 Rxe4 34.
a5 Rc5 35. Bb4 Rb5 36. Bxd6 Nd4 37. Rf1 Rxd5 38. Bc7 c3 39. bxc3 Nb5 40. c4
Rxc4 0-1

[Event "35 Andorra Open"]
[Site "Escaldes"]
[Date "2017.07.22"]
[Round "1.11"]
[White "Del Rio De Angelis, Salvador G"]
[Black "Uriarte Prieto, Goyo"]
[Result "1-0"]
[WhiteElo "2522"]
[BlackElo "1979"]
[PlyCount "85"]
[EventDate "2017.07.22"]
[EventType "swiss"]
[EventRounds "9"]
[EventCountry "AND"]

1. Nf3 e6 2. g3 Nf6 3. Bg2 d5 4. O-O Be7 5. c4 O-O 6. b3 Ne4 7. a3 Bf6 8. Ra2
a5 9. Qc2 Bd7 10. d3 Nc5 11. cxd5 Nca6 12. dxe6 Bxe6 13. Nbd2 Nc6 14. Qb1 Nc5
15. Rc2 Qe7 16. Bb2 Bxb2 17. Qxb2 a4 18. b4 Nb3 19. Qc3 Na7 20. Nd4 Nxd4 21.
Qxd4 Nb5 22. Qb2 c6 23. e3 Rfd8 24. d4 Bd5 25. Bxd5 Rxd5 26. Rc5 Qe6 27. Rfc1
Rad8 28. Qc2 h5 29. Qxa4 h4 30. Rxd5 Qxd5 31. Qb3 hxg3 32. hxg3 Qh5 33. Qd1 Qg6
34. a4 Nd6 35. Nf3 Ne4 36. Ne5 Qh7 37. Qg4 Nf6 38. Qf3 Re8 39. b5 cxb5 40. Qxb7
Qh5 41. Qxb5 Qh3 42. Qb7 Kh7 43. Qh1 1-0

[Event "35 Andorra Open"]
[Site "Escaldes"]
[Date "2017.07.22"]
[Round "1.12"]
[White "Claramunt Bassegoda, Marcel"]
[Black "Valsecchi, Alessio"]
[Result "0-1"]
[WhiteElo "1977"]
[BlackElo "2506"]
[PlyCount "52"]
[EventDate "2017.07.22"]
[EventType "swiss"]
[EventRounds "9"]
[EventCountry "AND"]

1. e4 c5 2. Nc3 Nc6 3. f4 g6 4. Nf3 Bg7 5. Bc4 e6 6. O-O Nge7 7. d3 O-O 8. Qe1
d5 9. Bb3 Na5 10. Qg3 c4 11. dxc4 dxc4 12. Ba4 a6 13. Rd1 Qc7 14. Be3 b5 15.
Qf2 Qb7 16. Ne5 Nac6 17. Ng4 f5 18. Ne5 Nxe5 19. fxe5 fxe4 20. Qd2 Nf5 21. Bc5
Qc6 22. Bxf8 Bxf8 23. Kh1 bxa4 24. Ne2 e3 25. Nd4 Qe4 26. Qc3 e2 0-1

[Event "35 Andorra Open"]
[Site "Escaldes"]
[Date "2017.07.22"]
[Round "1.13"]
[White "Zoler, Dan"]
[Black "Guyader, Thierry"]
[Result "1-0"]
[WhiteElo "2499"]
[BlackElo "1974"]
[PlyCount "49"]
[EventDate "2017.07.22"]
[EventType "swiss"]
[EventRounds "9"]
[EventCountry "AND"]

1. d4 Nf6 2. c4 g6 3. Nc3 d5 4. Nf3 Bg7 5. Bf4 c6 6. e3 O-O 7. h3 a5 8. Be2 Na6
9. O-O c5 10. Rc1 cxd4 11. Nxd4 dxc4 12. Bxc4 Nb4 13. Qb3 Bd7 14. Rfd1 Nh5 15.
Bh2 e5 16. Ndb5 Qe7 17. a3 Na6 18. Nd5 Qg5 19. f4 Qh4 20. Nd6 Nc5 21. Qb6 Ne6
22. Qxb7 Rad8 23. Nb6 exf4 24. Nxd7 f3 25. Nxf8 1-0

[Event "35 Andorra Open"]
[Site "Escaldes"]
[Date "2017.07.22"]
[Round "1.14"]
[White "Reprun, Nadejda"]
[Black "Kobo, Ori"]
[Result "1/2-1/2"]
[WhiteElo "1966"]
[BlackElo "2494"]
[PlyCount "105"]
[EventDate "2017.07.22"]
[EventType "swiss"]
[EventRounds "9"]
[EventCountry "AND"]

1. e4 e6 2. d4 d5 3. Nd2 Be7 4. Ngf3 Nf6 5. e5 Nfd7 6. Bd3 c5 7. c3 Nc6 8. O-O
a5 9. Bb5 cxd4 10. cxd4 Qb6 11. Bxc6 bxc6 12. Nb1 c5 13. Nc3 cxd4 14. Na4 Qa7
15. Nxd4 Ba6 16. Re1 Rc8 17. a3 O-O 18. Be3 Qb7 19. f4 Nc5 20. Nxc5 Bxc5 21.
Qd2 a4 22. Rac1 Bc4 23. f5 Qb6 24. Qf2 Rb8 25. Rc2 Kh8 26. Rd2 Rbe8 27. f6 Rg8
28. Kh1 g5 29. h3 Rb8 30. Qf3 Rg6 31. Kh2 Qc7 32. Bf2 g4 33. hxg4 Rbg8 34. Kh1
Rxg4 35. Nxe6 Qa5 36. Nd8 Qxd8 37. Bxc5 Rg3 38. Qf4 R8g4 39. Qf2 d4 40. Rxd4
Rxd4 41. Qxd4 Qa8 42. Re4 Be6 43. Re2 Bd5 44. Qd2 Qc6 45. Bd4 Be6 46. Kg1 Rg4
47. Bc3 Bc4 48. Rf2 Qe4 49. Rf3 Qb1+ 50. Qe1 Qc2 51. Qd2 Qb1+ 52. Qe1 Qc2 53.
Qd2 1/2-1/2

[Event "35 Andorra Open"]
[Site "Escaldes"]
[Date "2017.07.22"]
[Round "1.15"]
[White "Riff, Jean-Noel"]
[Black "Federovski, Adi"]
[Result "1-0"]
[WhiteElo "2493"]
[BlackElo "1958"]
[PlyCount "41"]
[EventDate "2017.07.22"]
[EventType "swiss"]
[EventRounds "9"]
[EventCountry "AND"]

1. e4 c5 2. Nf3 Nc6 3. Bb5 g6 4. O-O Bg7 5. c3 Nf6 6. Re1 O-O 7. h3 a6 8. Bxc6
dxc6 9. d4 cxd4 10. cxd4 Qc7 11. Nc3 Rd8 12. Bg5 b5 13. Rc1 Bb7 14. b4 h6 15.
Bh4 Nh5 16. Nd5 Rxd5 17. exd5 g5 18. dxc6 Bc8 19. Ne5 Nf6 20. Bg3 Qb6 21. c7
1-0

[Event "35 Andorra Open"]
[Site "Escaldes"]
[Date "2017.07.22"]
[Round "1.16"]
[White "Vardi, Shlomit"]
[Black "Caspi, Israel"]
[Result "0-1"]
[WhiteElo "1954"]
[BlackElo "2487"]
[PlyCount "80"]
[EventDate "2017.07.22"]
[EventType "swiss"]
[EventRounds "9"]
[EventCountry "AND"]

1. e4 d5 2. exd5 Qxd5 3. Nc3 Qd6 4. d4 Nf6 5. Bc4 a6 6. Bb3 Nc6 7. Nge2 Bf5 8.
Bf4 Qd7 9. d5 Na5 10. Qd4 Nxb3 11. cxb3 c6 12. Rd1 Nxd5 13. Nxd5 Qxd5 14. Qb6
Qb5 15. Qc7 Rc8 16. Nc3 Rxc7 17. Nxb5 Rd7 18. Nd4 Bg6 19. O-O e6 20. h3 Be7 21.
Nf3 f6 22. Be3 e5 23. Rxd7 Kxd7 24. Rd1+ Ke6 25. Bb6 Be4 26. Ne1 h5 27. Kf1 Rc8
28. f3 Bg6 29. g3 c5 30. Rc1 Rc6 31. Ba5 b6 32. Bd2 Rd6 33. Ke2 Rd8 34. Be3 a5
35. Bd2 Be8 36. Nc2 Bb5+ 37. Ke1 Bc6 38. f4 Bd6 39. Be3 exf4 40. gxf4 Kf5 0-1

[Event "35 Andorra Open"]
[Site "Escaldes"]
[Date "2017.07.22"]
[Round "1.17"]
[White "Comas Fabrego, Lluis"]
[Black "Martin Bizarro, Antonio"]
[Result "1-0"]
[WhiteElo "2481"]
[BlackElo "1934"]
[PlyCount "65"]
[EventDate "2017.07.22"]
[EventType "swiss"]
[EventRounds "9"]
[EventCountry "AND"]

1. Nf3 c6 2. e4 d5 3. exd5 cxd5 4. Ne5 Nf6 5. d4 e6 6. Nd2 Be7 7. Bd3 Nc6 8. c3
Nxe5 9. dxe5 Nd7 10. Nf3 b6 11. O-O O-O 12. Re1 f5 13. exf6 Bxf6 14. Rxe6 Nc5
15. Re1 Bg4 16. Be2 Ne4 17. Be3 Be6 18. Nd4 Bd7 19. Qb3 Bc8 20. Bf3 Kh8 21.
Bxe4 dxe4 22. Ne6 Bxe6 23. Qxe6 Re8 24. Qb3 Qc7 25. Rad1 Be5 26. g3 h5 27. Rd5
Rad8 28. Bd4 Rxd5 29. Qxd5 Re7 30. Rxe4 Bxd4 31. Qxh5+ Kg8 32. Qd5+ Kf8 33.
Rxd4 1-0

[Event "35 Andorra Open"]
[Site "Escaldes"]
[Date "2017.07.22"]
[Round "1.18"]
[White "Di Paolo, Marco"]
[Black "Suarez Gomez, Julio"]
[Result "0-1"]
[WhiteElo "1926"]
[BlackElo "2474"]
[PlyCount "80"]
[EventDate "2017.07.22"]
[EventType "swiss"]
[EventRounds "9"]
[EventCountry "AND"]

1. e4 c5 2. Nc3 e6 3. f4 Nc6 4. Nf3 Nge7 5. d3 d5 6. Bd2 g6 7. g3 Bg7 8. Bg2
O-O 9. Rb1 b6 10. O-O Ba6 11. Re1 d4 12. Ne2 c4 13. dxc4 Bxc4 14. b3 Ba6 15.
Nc1 Rc8 16. Nd3 Qd6 17. a4 Rfd8 18. b4 Bb7 19. b5 Na5 20. Bb4 Qc7 21. Nfe5 Re8
22. Rc1 Nc4 23. Nxc4 Qxc4 24. Re2 a5 25. bxa6 Bxa6 26. Rd2 Nc6 27. Rb1 Nxb4 28.
Rxb4 Qc7 29. e5 Red8 30. Be4 Bf8 31. Rb2 Bc4 32. Qb1 Rb8 33. Nb4 Qc5 34. Bd3
Ra8 35. Qa1 Ra5 36. Kg2 b5 37. Qf1 Rxa4 38. Bxc4 bxc4 39. c3 dxc3 40. Rxd8 cxb2
0-1

[Event "35 Andorra Open"]
[Site "Escaldes"]
[Date "2017.07.22"]
[Round "1.19"]
[White "Pena Gomez, Manuel"]
[Black "Gallego Terris, Rafael"]
[Result "1-0"]
[WhiteElo "2468"]
[BlackElo "1924"]
[PlyCount "49"]
[EventDate "2017.07.22"]
[EventType "swiss"]
[EventRounds "9"]
[EventCountry "AND"]

1. g3 g6 2. Bg2 Bg7 3. c4 d6 4. Nc3 Nc6 5. e3 e5 6. Nge2 h5 7. O-O h4 8. d4
hxg3 9. fxg3 Bh3 10. Bxh3 Rxh3 11. d5 Nb8 12. c5 Nd7 13. cxd6 cxd6 14. Ne4 Nc5
15. Nxc5 dxc5 16. Qa4+ Ke7 17. Qc4 Qd6 18. Nc3 Nf6 19. Rxf6 Qxf6 20. Ne4 Qf3
21. Bd2 Rah8 22. Qxc5+ Kd7 23. Qd6+ Ke8 24. Qb8+ Kd7 25. Qxb7+ 1-0

[Event "35 Andorra Open"]
[Site "Escaldes"]
[Date "2017.07.22"]
[Round "1.20"]
[White "Picatoste Verdejo, Sergio"]
[Black "Llorente Zaro, Alfonso"]
[Result "0-1"]
[WhiteElo "1916"]
[BlackElo "2464"]
[PlyCount "68"]
[EventDate "2017.07.22"]
[EventType "swiss"]
[EventRounds "9"]
[EventCountry "AND"]

1. e4 e6 2. d3 d5 3. Nd2 Nf6 4. Ngf3 c5 5. g3 Nc6 6. Bg2 Be7 7. O-O O-O 8. Re1
b5 9. e5 Nd7 10. Nf1 b4 11. h4 a5 12. Bf4 a4 13. a3 Nd4 14. N1h2 bxa3 15. bxa3
Rb8 16. Nxd4 cxd4 17. Qg4 Re8 18. Bh6 Bf8 19. h5 f5 20. Qg5 Ba6 21. Qxd8 Rexd8
22. Bc1 Rb6 23. Nf3 Bc5 24. Bf1 Rdb8 25. Bf4 Rb2 26. Rec1 Ba7 27. Be2 h6 28.
Bd1 Nxe5 29. Ne1 Bb6 30. Rcb1 Ba5 31. Rxb2 Rxb2 32. Bc1 Rb6 33. Kf1 Bc3 34. Ra2
Rb1 0-1

[Event "35 Andorra Open"]
[Site "Escaldes"]
[Date "2017.07.22"]
[Round "1.21"]
[White "Aloma Vidal, Robert"]
[Black "Fernandez Quintero, Jose Anton"]
[Result "1-0"]
[WhiteElo "2457"]
[BlackElo "1900"]
[PlyCount "51"]
[EventDate "2017.07.22"]
[EventType "swiss"]
[EventRounds "9"]
[EventCountry "AND"]

1. d4 d5 2. c4 c6 3. Nf3 Nf6 4. Nc3 dxc4 5. a4 Bf5 6. Nh4 e6 7. Nxf5 exf5 8. e3
Bb4 9. Bxc4 O-O 10. O-O Nbd7 11. Qc2 g6 12. f3 Nb6 13. Ba2 Qe7 14. e4 Bxc3 15.
bxc3 fxe4 16. Ba3 Qxa3 17. Bxf7+ Rxf7 18. Rxa3 Nc4 19. Qa2 Nxa3 20. fxe4 Kg7
21. e5 Nd5 22. Rxf7+ Kxf7 23. Qxa3 Rd8 24. c4 Nb6 25. a5 Nxc4 26. Qa2 1-0

[Event "35 Andorra Open"]
[Site "Escaldes"]
[Date "2017.07.22"]
[Round "1.22"]
[White "Ferre Fornos, J. Enric"]
[Black "Barbot, Pierre"]
[Result "1/2-1/2"]
[WhiteElo "1893"]
[BlackElo "2453"]
[PlyCount "129"]
[EventDate "2017.07.22"]
[EventType "swiss"]
[EventRounds "9"]
[EventCountry "AND"]

1. e4 e5 2. Nf3 Nc6 3. Bb5 g6 4. O-O Bg7 5. Nc3 Nge7 6. Re1 O-O 7. d3 a6 8. Ba4
d6 9. h3 b5 10. Bb3 Na5 11. Be3 Bb7 12. Qd2 Nxb3 13. axb3 f5 14. Bh6 Nc6 15.
Bxg7 Kxg7 16. Nd5 fxe4 17. dxe4 Rxf3 18. gxf3 Nd4 19. Re3 Bxd5 20. exd5 Qg5+
21. Kh1 Qf5 22. Kg2 Nxc2 23. Rc1 Nxe3+ 24. fxe3 Rf8 25. Rxc7+ Kg8 26. Qf2 e4
27. f4 Qxd5 28. Qh4 Rf7 29. Qd8+ Kg7 30. Rxf7+ Kxf7 31. Qd7+ Kf6 32. Qxh7 Qd2+
33. Kf1 Qc1+ 34. Kf2 Qxb2+ 35. Kg3 Qxb3 36. Qh8+ Ke7 37. Qg7+ Kd8 38. Qd4 Kd7
39. Kh4 a5 40. Qxe4 a4 41. Qb7+ Ke6 42. e4 a3 43. Qc8+ Kf7 44. Qd7+ Kg8 45.
Qxd6 a2 46. Qxg6+ Kf8 47. Qd6+ Ke8 48. Qc6+ Kf7 49. Qd7+ Kf8 50. Qd6+ Kg7 51.
Qe5+ Kf7 52. Qc7+ Kg8 53. Qd8+ Kg7 54. Qd4+ Kh7 55. Qd7+ Kh8 56. Qd4+ Kg8 57.
Qd8+ Kf7 58. Qd7+ Kf6 59. e5+ Kg6 60. f5+ Kh6 61. Qd6+ Kg7 62. Qf6+ Kg8 63.
Qd8+ Kh7 64. Qe7+ Kh8 65. Qf6+ 1/2-1/2

[Event "35 Andorra Open"]
[Site "Escaldes"]
[Date "2017.07.22"]
[Round "1.23"]
[White "Kaspi, Alexander"]
[Black "Granados Tellos, Roman"]
[Result "1-0"]
[WhiteElo "2435"]
[BlackElo "1893"]
[PlyCount "85"]
[EventDate "2017.07.22"]
[EventType "swiss"]
[EventRounds "9"]
[EventCountry "AND"]

1. d4 Nf6 2. c4 g6 3. Nc3 Bg7 4. e4 d6 5. f3 O-O 6. Be3 Nbd7 7. Nh3 c5 8. d5
Ne5 9. Nf2 a6 10. a4 Qa5 11. Qc1 e6 12. Be2 exd5 13. cxd5 Qb4 14. O-O Bd7 15.
a5 b5 16. Ra3 Nc4 17. Bxc4 bxc4 18. Bd2 Qb7 19. Ncd1 Bb5 20. Bc3 Nd7 21. Bxg7
Kxg7 22. Qc3+ f6 23. f4 Rab8 24. Ne3 Rfe8 25. g4 Nf8 26. g5 Qe7 27. Neg4 Nd7
28. Nxf6 Nxf6 29. Ng4 Rf8 30. gxf6+ Rxf6 31. Qxf6+ Qxf6 32. Nxf6 Kxf6 33. Re1
Be8 34. Re2 Bb5 35. Rc3 Rd8 36. Kf2 g5 37. fxg5+ Ke5 38. Ke3 Rf8 39. Rf2 Rxf2
40. Kxf2 Kxe4 41. Re3+ Kxd5 42. Rh3 Kd4 43. Rxh7 1-0

[Event "35 Andorra Open"]
[Site "Escaldes"]
[Date "2017.07.22"]
[Round "1.24"]
[White "Sokolovsky, Yahli"]
[Black "Hansen, Torbjorn Ringdal"]
[Result "0-1"]
[WhiteElo "1880"]
[BlackElo "2429"]
[PlyCount "56"]
[EventDate "2017.07.22"]
[EventType "swiss"]
[EventRounds "9"]
[EventCountry "AND"]

1. e4 c6 2. d4 d5 3. Nc3 dxe4 4. Nxe4 Nf6 5. Nxf6+ exf6 6. Nf3 Bd6 7. Bd3 O-O
8. O-O Re8 9. c3 Nd7 10. Qc2 Nf8 11. Be3 Bg4 12. Nd2 Bc7 13. Rfe1 Qd6 14. g3
Qd7 15. Ne4 f5 16. Nc5 Qc8 17. Qd2 b6 18. Ba6 Qd8 19. Nd3 Qd7 20. Bf4 Bxf4 21.
Nxf4 b5 22. a4 bxa4 23. Bc4 Rxe1+ 24. Qxe1 Ng6 25. Nxg6 hxg6 26. Qd2 c5 27. d5
Re8 28. Bf1 g5 {ilegible} 0-1

[Event "35 Andorra Open"]
[Site "Escaldes"]
[Date "2017.07.23"]
[Round "2.1"]
[White "Llaneza Vega, Patricia"]
[Black "Edouard, Romain"]
[Result "0-1"]
[WhiteElo "2271"]
[BlackElo "2622"]
[PlyCount "50"]
[EventDate "2017.07.22"]
[EventType "swiss"]
[EventRounds "9"]
[EventCountry "AND"]

1. e4 c5 2. Nc3 g6 3. f4 Bg7 4. Nf3 d6 5. Bb5+ Bd7 6. Bc4 Nc6 7. O-O Na5 8. Be2
Nf6 9. Qe1 O-O 10. d3 Nc6 11. f5 Nd4 12. Bd1 gxf5 13. Qh4 fxe4 14. dxe4 Nxf3+
15. Rxf3 Kh8 16. Bg5 Ng8 17. Nd5 f6 18. Bd2 e5 19. Rg3 Be6 20. Bg4 f5 21. Bg5
Qd7 22. Rh3 h6 23. exf5 Bxf5 24. Bxf5 Rxf5 25. Qg4 Rf1+ 0-1

[Event "35 Andorra Open"]
[Site "Escaldes"]
[Date "2017.07.23"]
[Round "2.2"]
[White "Landa, Konstantin"]
[Black "Andre, Gordon"]
[Result "1-0"]
[WhiteElo "2617"]
[BlackElo "2259"]
[PlyCount "126"]
[EventDate "2017.07.22"]
[EventType "swiss"]
[EventRounds "9"]
[EventCountry "AND"]

1. Nf3 Nf6 2. g3 b6 3. Bg2 Bb7 4. O-O e6 5. c4 Be7 6. Nc3 O-O 7. d4 d6 8. Qc2
c5 9. d5 exd5 10. cxd5 Nbd7 11. Rd1 b5 12. Nxb5 Bxd5 13. Nc3 Bb7 14. e4 Qb6 15.
Bf4 Rfd8 16. Nd2 Ne5 17. Bxe5 dxe5 18. Nc4 Qe6 19. Na5 Qa6 20. Nxb7 Qxb7 21.
Bf1 Rd4 22. b3 Rad8 23. f3 Rxd1 24. Rxd1 Rxd1 25. Nxd1 Qd7 26. Bc4 Qd4+ 27. Kg2
Ne8 28. Nc3 Bg5 29. Nb5 Qd7 30. Be2 Be3 31. Qc3 Bd4 32. Qa5 Be3 33. Nxa7 c4 34.
Qb5 Qxb5 35. Nxb5 cxb3 36. axb3 Kf8 37. Bc4 Ke7 38. Nc3 Bd4 39. Ne2 Bc5 40. Nc1
Bd4 41. Nd3 Nd6 42. Bd5 f6 43. h4 g6 44. f4 Bc3 45. Bc6 Nf7 46. Kf3 f5 47. exf5
gxf5 48. Ke2 exf4 49. Nxf4 Kd6 50. Bd5 Nh6 51. Bc4 Ng4 52. Be6 Ke5 53. Bc8 Nf6
54. Nd3+ Ke4 55. Nc5+ Ke5 56. Kf3 Ne4 57. Nd3+ Kf6 58. b4 Nd6 59. Ba6 Nf7 60.
Nf4 Be1 61. Ke2 Bxb4 62. Nd5+ Ke5 63. Nxb4 Kf6 1-0